Логистика: учебное пособие для вузов

Dades bibliogràfiques
Autor principal: Канке А. А. Алла Анатольевна
Altres autors: Кошевая И. П. Ирина Петровна
Sumari:Рассмотрены ключевые положения логистики как науки о планировании, организации, контроле, у правлении и регулировании материальных и сопутствующих им потоков в процессе и во времени. Показаны эволюция и сформировавшийся входе ее современный понятийный аппарат логистики. Раскрыта логика управления потоками как логистическими объектами. На основе комплексного системного подхода к декомпозиции логистических систем изложено содержание основного и обеспечивающего комплексов логистических функций. В обеспечивающем комплексе рассмотрены особенности и содержание финансовой, информационно-компьютерной, кадровой и сервисной логистики. Для теоретической и практической подготовки бакалавров по современным направлениям логистического менеджмента, а также для практического использования логистиками.
Idioma:rus
Publicat: Москва, КноРус, 2011
Col·lecció:Для бакалавров
Matèries:
Format: MixedMaterials Llibre
KOHA link:https://koha.lib.tpu.ru/cgi-bin/koha/opac-detail.pl?biblionumber=198388

MARC

LEADER 00000nam0a2200000 4500
001 198388
005 20231101224818.0
010 |a 9785406008829 
035 |a (RuTPU)RU\TPU\book\216377 
090 |a 198388 
100 |a 20110629d2011 m y0rusy50 ca 
101 0 |a rus 
102 |a RU 
105 |a a j 001zy 
200 1 |a Логистика  |e учебное пособие для вузов  |f А. А. Канке, И. П. Кошевая 
210 |a Москва  |c КноРус  |d 2011 
215 |a 320 с.  |c ил. 
225 1 |a Для бакалавров 
320 |a Библиогр.: с. 313-314. 
330 |a Рассмотрены ключевые положения логистики как науки о планировании, организации, контроле, у правлении и регулировании материальных и сопутствующих им потоков в процессе и во времени. Показаны эволюция и сформировавшийся входе ее современный понятийный аппарат логистики. Раскрыта логика управления потоками как логистическими объектами. На основе комплексного системного подхода к декомпозиции логистических систем изложено содержание основного и обеспечивающего комплексов логистических функций. В обеспечивающем комплексе рассмотрены особенности и содержание финансовой, информационно-компьютерной, кадровой и сервисной логистики. Для теоретической и практической подготовки бакалавров по современным направлениям логистического менеджмента, а также для практического использования логистиками. 
606 1 |a Логистика  |x Логистические стратегии  |2 stltpush  |3 (RuTPU)RU\TPU\subj\36364  |9 57772 
610 1 |a методология 
610 1 |a логистические системы 
610 1 |a снабжение 
610 1 |a производственная логистика 
610 1 |a сбытовая логистика 
610 1 |a транспортная логистика 
610 1 |a складская логистика 
610 1 |a учебные пособия 
686 |a У9(2)40я73  |v LBC/SL-A  |2 rubbk 
700 1 |a Канке  |b А. А.  |g Алла Анатольевна 
701 1 |a Кошевая  |b И. П.  |g Ирина Петровна 
801 1 |a RU  |b 63413507  |c 20110629 
801 2 |a RU  |b 63413507  |c 20150529  |g RCR 
900 |a Логистика 
942 |c BK 
951 |b 080200 
959 |a 63/20110629  |d 2  |e 220,00  |f ЧЗГЛ:1  |f АНЛ:1